000 00492nam a2200157Ia 4500
008 210716s2003 xx 000 0 und d
020 _a8178085429
041 _aeng
082 _a004.22 SIMD
100 _aSima, Dezso; Fountain, Terence; Kacsuk, Peter.
245 _aAdvanced computer architectures: a design space approach.
_bDesign space approach.
250 _a1
260 _aNew Delhi
_bPearson Education
_c2003
300 _axxiii,766
650 _aComputer Architecture/Organization
999 _c185523
_d185523